Earthlings : (Record no. 203502)

MARC details
000 -LEADER
fixed length control field 00658nam a22001937a 4500
005 - DATE AND TIME OF LATEST TRANSACTION
control field 20240904112909.0
010 ## - LCCN (DPL NO)
LC control number ENG-140572
020 ## - INTERNATIONAL STANDARD BOOK NUMBER
International Standard Book Number 9789390670048
Terms of availability 450.00
035 ## - SYSTEM CONTROL NUMBER
System control number EN-124104
037 ## - SOURCE OF ACQUISITION
Source of stock number/acquisition DBAD
082 ## - DEWEY DECIMAL CLASSIFICATION NUMBER
Classification number 888.08
245 ## - TITLE STATEMENT
Title Earthlings :
Remainder of title Decolonial Visions of Environmentalism in Indigenous Literature
Statement of responsibility, etc edited by Sumedha Bhandari
260 ## - PUBLICATION, DISTRIBUTION, ETC. (IMPRINT)
Place of publication, distribution, etc Gurugram
Name of publisher, distributor, etc Earth Vision Publications
Date of publication, distribution, etc 2022
270 ## - ADDRESS
Address H-23/16, DLF Phase-1
City Gurugram
Postal code 122002
300 ## - PHYSICAL DESCRIPTION
Extent xiv, 196p.
Dimensions 21cm(hbk)
500 ## - GENERAL NOTE
General note This book is about a ecology and earth.
700 ## - ADDED ENTRY--PERSONAL NAME
Personal name Edited by Sumedha Bhandari
9 (RLIN) 67317
942 ## - ADDED ENTRY ELEMENTS (KOHA)
Source of classification or shelving scheme Dewey Decimal Classification
Item type English Books
Classification part 888.08
Call number suffix EAR
Holdings
Withdrawn status Lost status Not for loan Collection code Home library Current library Date acquired Source of acquisition Cost, normal purchase price Full call number Barcode Copy number Cost, replacement price Koha item type
      Non-fiction Central Library Central Library 04/06/2024 DBAD 450.00 888.08 EAR EN-124104 1 450.00 English Books

© Delhi Public Library
Hit Counter
free hit counter